000 01586cas a22004577a 4500
005 20220329143031.0
008 001017c us sr pernn 0 b1eng d
010 _a90968
011 _a91940
022 _a0021-9606
035 _a102503
245 0 4 _aThe Journal of Chemical Physics
_c/American Institute of Physics
260 0 _aWoodbury, N.Y.:
_bAmerican Institute of Physics
_c1933?
300 _av.
310 _aQuincenal
321 _aMensual
362 _av.78 n.3,1983
590 _aBATCH-UPD
_b10
_c20130110
_lUCH01
_h0521
590 _aBATCH-UPD
_b10
_c20130410
_lUCH01
_h0159
590 _aBATCH-UPD
_b10
_c20130914
_lUCH01
_h1422
590 _aCONVERSION
_b10
_c20130109
_lUCH01
_h1350
650 1 4 _aFísica
_xPublicaciones periódicas.
_941992
650 1 4 _aQuímica
_xPublicaciones periódicas.
_993571
866 _av.20 n.1-2,4,6-12 (1952)
866 _av.21 n.1-v.23 n.12 (1953-1955)
866 _av.24 n.1-2 (1956)
866 _av.30 n.1-v.46 n.12 (1959-1968)
866 _av.47 n.2-v.49 n.12 (1967-1968)
866 _av.52 n.1-v.55 n.12 (1970-1971)
866 _av.58 n.1-v.59 n.12 (1973)
866 _av.60 n.1-4,6-12 (1974)
866 _av.61 n.2-10,12 (1974)
866 _av.62 n.1-v.63 n.11 (1975)
866 _av.64 n.1-v.71 n.12 (1976-1979)
866 _av.72 n.1-11 (1980)
866 _av.73 n.1-12 (1980)
866 _av.74 n.1-2,4 (1981)
866 _av.76 n.1-v.78 n.4 (1982-1983)
901 _aSE
905 _aAraceli Hernández Gómez.
999 _c90968
_d90968